Historia de Madrid. (Record no. 197482)

MARC details
000 -LEADER
campo de control de longitud fija 01453nam a2200409 i 4500
001 - NÚMERO DE CONTROL
campo de control 197482
003 - IDENTIFICADOR DE NÚMERO DE CONTROL
campo de control ES-MaACL
005 - FECHA Y HORA DE LA ÚLTIMA TRANSACCIÓN
campo de control 20250803104325.0
007 - CAMPO FIJO DE DESCRIPCIÓN FÍSICA--INFORMACIÓN GENERAL
campo de control de longitud fija ta
008 - DATOS DE LONGITUD FIJA--INFORMACIÓN GENERAL
campo de control de longitud fija 220829s1986||||sp a###fr 000 0 spa d
017 ## - NÚMERO DE COPYRIGHT O DE DEPÓSITO LEGAL
Número de copyright o de depósito legal A 17-1986
020 ## - NÚMERO INTERNACIONAL ESTÁNDAR DEL LIBRO
Número Internacional Estándar del Libro 8473160568
035 ## - NÚMERO DE CONTROL DEL SISTEMA
Número de control de sistema (OCoLC)1342559581
035 ## - NÚMERO DE CONTROL DEL SISTEMA
Número de control de sistema 264054296
040 ## - FUENTE DE CATALOGACIÓN
Centro catalogador/agencia de origen ABES
Lengua de catalogación fre
Normas de descripción AFNOR
Centro/agencia transcriptor ES-MaACL
041 0# - CÓDIGO DE IDIOMA
Fuente del código 639-2
082 0# - NÚMERO DE LA CLASIFICACIÓN DECIMAL DEWEY
Número de clasificación 946.4/307
100 1# - ENTRADA PRINCIPAL--NOMBRE DE PERSONA
Número de control del registro de autoridad o número normalizado (IdRef)028891228
URI de un objeto del mundo real http://www.idref.fr/028891228/id
Nombre de persona Bravo Morata, Federico
Término indicativo de función/relación Autor
9 (RLIN) 31495
245 10 - MENCIÓN DEL TÍTULO
Título Historia de Madrid.
Número de parte o sección de la obra Volumen 15 extra,
Nombre de parte o sección de la obra La posguerra, III /
Mención de responsabilidad, etc. Federico Bravo Morata.
246 13 - FORMA VARIANTE DEL TITULO
Título propio/Titulo breve La posguerra, III
250 ## - MENCION DE EDICION
Mención de edición 2a edición.
264 #1 - PRODUCCIÓN, PUBLICACIÓN, DISTRIBUCIÓN, FABRICACIÓN Y COPYRIGHT
Producción, publicación, distribución, fabricación y copyright Madrid :
Nombre del de productor, editor, distribuidor, fabricante [Fenicia],
Fecha de producción, publicación, distribución, fabricación o copyright 1986.
300 ## - DESCRIPCIÓN FÍSICA
Extensión 274 páginas :
Otras características físicas ill., couv. ill. en coul. ;
Dimensiones 21 cm.
336 ## - TIPO DE CONTENIDO
Código de tipo de contenido txt
Fuente rdacontent
Término de tipo de contenido texto
337 ## - TIPO DE MEDIO
Código del tipo de medio n
Fuente rdamedia
Nombre/término del tipo de medio sin mediación
337 ## - TIPO DE MEDIO
Código del tipo de medio n
Fuente isbdmedia
Nombre/término del tipo de medio sin mediación
338 ## - TIPO DE SOPORTE
Código del tipo de soporte nga
Fuente RDAfrCarrier
Nombre/término del tipo de soporte volumen
490 1# - MENCIÓN DE SERIE
Mención de serie Historia de Madrid ;
Designación de volumen o secuencia 15
651 #4 - PUNTO DE ACCESO ADICIONAL DE MATERIA--NOMBRE GEOGRÁFICO
Nombre geográfico Madrid
9 (RLIN) 8939
651 #0 - PUNTO DE ACCESO ADICIONAL DE MATERIA--NOMBRE GEOGRÁFICO
Nombre geográfico España-
Subdivisión cronológica 1939-1975, Francisco Franco
9 (RLIN) 238964
Subdivisión general Historia-
830 #0 - PUNTO DE ACCESO ADICIONAL DE SERIE-TÍTULO UNIFORME
Título uniforme Historia de Madrid
Designación de volumen o secuencia 15
9 (RLIN) 240827
852 ## - LOCALIZACIÓN
Ubicación ES-MaACL
Ubicación en estantería Depósito 1
Número de control de estantería A-15575
Donativo/Legado Donación: Fernando Codina Rodríguez
Encuadernación Encuadernación rústica
itemnumber 205922
942 ## - ELEMENTOS DE ENTRADA SECUNDARIOS (KOHA)
Suprimir en OPAC No
Tipo de ítem Koha Libro impreso
Holdings
Estatus retirado Estado de pérdida Fuente del sistema de clasificación o colocación Estado de daño No para préstamo Biblioteca de origen Biblioteca actual Ubicación en estantería Fecha de adquisición Fuente de adquisición Total de préstamos Signatura topográfica completa Visto por última vez Precio de reemplazo Tipo de ítem Koha
    Clasificación decimal universal     Biblioteca del Ateneo de Madrid Biblioteca del Ateneo de Madrid Depósito 1 08/06/2025 Donación   A-15575 08/06/2025 08/06/2025 Libro impreso